Biblioteca

Adoración y trabajo pastoral (Registro nro. 52005)

Detalles MARC
000 -LÍDER
Campo fijo de descripción fija 00996aab a2200193 i 4500
001 - NÚMERO DE CONTROL
Campo de control 768714001
003 - IDENTIFICADOR DEL NÚMERO DE CONTROL
Campo de control CO-MdFUSB
005 - FECHA Y HORA DE LA ULTIMA TRANSACCIÓN
control field 20240320122607.0
008 - ELEMENTOS DE LONGITUD FIJA -- INFORMACIÓN GENERAL
Campo fijo de descripción fija -- Información general 240319t1992 ag ||||| |||| 00| 0 spa d
040 ## - FUENTE DE CATALOGACIÓN
Idioma de catalogación spa
Agencia que realiza la transcripción CO-MdFUSB
041 ## - CÓDIGO DE IDIOMA
Código de idioma para texto/pista de sonido o título separado spa
100 1# - ASIENTO PRINCIPAL--NOMBRE PERSONAL
Nombre personal Mackey, Tomas
Término relacionador autor
245 10 - TÍTULO
Título Adoración y trabajo pastoral
Mención de responsabilidad / Tomás Mackey
300 ## - DESCRIPCIÓN FÍSICA
Extensión Volumen 12, número 3 (julio - septiembre, 1993), páginas 19 - 20
Dimensiones ; 27 cm
520 ## - NOTA DE RESUMEN, ETC.
Nota de sumario, etc. Quien desea pastorear en profundidad debe considerar la adoración como un aliado imprescindible, ya que el cuidado pastoral no es la razón primaria o exclusiva de la adoración, pero en realidad la tarea pastoral es mucho más efectiva, penetrante y estable cuando se realiza a partir del ambiente y del compromiso que sólo se producen en el encuentro Dios-ser humano.
650 #0 - ASIENTO SECUNDARIO DE MATERIA - TERMINO TEMÁTICO
Término temático o nombre geográfico como elemento de entrada Adoración
9 (RLIN) 1066
773 0# - ASIENTO DE ITEM FUENTE
Título Iglesia y Misión
Biblionumber 49402
Itemnumber 59656
Parte(s) relacionada(s) / Volumen., número. (mes año), páginas Volumen 12, número 3 (julio - septiembre, 1993), páginas 19 - 20
Enumeración y primera página páginas 19
942 ## - TIPO DE MATERIAL (KOHA)
Tipo de Item KOHA Artículos de Revista

No hay ítems disponibles.

Biblioteca FUSBC | Teléfono: (57+4) 349 88 10 Ext. 141| WhatsApp (+57) 3005338115 
E-mail: biblioteca@unisbc.edu.co | Calle 76 87-14 Robledo Palenque, Medellín, Colombia

Con tecnología Koha